书目信息 |
| 题名: |
中国都市区发展:从分权化到多中心治理
|
|
| 作者: | 罗震东 著 | |
| 分册: | ||
| 出版信息: | 北京 中国建筑工业出版社 2007.06 |
|
| 页数: | 223页 | |
| 开本: | 26cm | |
| 丛书名: | 当代城市规划著作大系 | |
| 单 册: | ||
| 中图分类: | F299.23 | |
| 科图分类: | ||
| 主题词: | 城市经济--cheng shi jing ji--经济管理--研究--中国 | |
| 电子资源: | ||
| ISBN: | 978-7-112-09212-3 | |
| 000 | 01173nam 2200265 450 | |
| 001 | 012008749188 | |
| 005 | 20191028084807.19 | |
| 010 | @a978-7-112-09212-3@dCNY42.00 | |
| 100 | @a20080127d2007 em y0chiy0120 ea | |
| 101 | 0 | @achi |
| 102 | @aCN@b110000 | |
| 105 | @aa a 000yy | |
| 200 | 1 | @a中国都市区发展:从分权化到多中心治理@Azhong guo du shi qu fa zhan:cong fen quan hua dao duo zhong xin zhi li@f罗震东著@Fluo zhen dong zhu |
| 210 | @a北京@c中国建筑工业出版社@d2007.06 | |
| 215 | @a223页@c图@d26cm | |
| 225 | 2 | @a当代城市规划著作大系@Adang dai cheng shi gui hua zhu zuo da xi |
| 300 | @a国家985项目(南京大学城市化与城市科学平台)资助成果 | |
| 320 | @a有书目 (第214-223页) | |
| 330 | @a本书从新制度经济学关于社会秩序的理论基础出发,以分权化为切入点,通过对中国都市区的发展过程、治理发展与空间发展三个方面的详细考察,旨在逐渐廓清中国转型期分权化与都市区发展的相关关系,提出了中国转型期都市区发展的主要特征与趋势。 | |
| 410 | 0 | @12001 @a当代城市规划著作大系 |
| 606 | 0 | @a城市经济@Acheng shi jing ji@x经济管理@x研究@y中国 |
| 690 | @aF299.23@v4 | |
| 701 | 0 | @a罗震东@Aluo zhen dong@4著 |
| 801 | 0 | @aCN@bQSSK@c20080127 |
| 905 | @b281020-22@dF299.23@eL970@f3 | |
| 中国都市区发展:从分权化到多中心治理/罗震东著.-北京:中国建筑工业出版社,2007.06 |
| 223页:图;26cm.-(当代城市规划著作大系) |
| 国家985项目(南京大学城市化与城市科学平台)资助成果 |
| ISBN 978-7-112-09212-3:CNY42.00 |
| 本书从新制度经济学关于社会秩序的理论基础出发,以分权化为切入点,通过对中国都市区的发展过程、治理发展与空间发展三个方面的详细考察,旨在逐渐廓清中国转型期分权化与都市区发展的相关关系,提出了中国转型期都市区发展的主要特征与趋势。 |
| ● |
| 相关链接 |
|
|
|
正题名:中国都市区发展:从分权化到多中心治理
索取号:F299.23/L970
 
预约/预借
| 序号 | 登录号 | 条形码 | 馆藏地/架位号 | 状态 | 备注 |
| 1 | 1241494 | 212414948 | 社科库409/409社科库 110排1列3层/ [索取号:F299.23/L970] | 在馆 | |
| 2 | 1241495 | 212414957 | 社科库409/400A自科库 14排1列4层/ [索取号:F299.23/L970] | 在馆 | |
| 3 | 1241496 | 212414966 | 社科库409/400A自科库 14排1列4层/ [索取号:F299.23/L970] | 在馆 | |
| 4 | 1241497 | 212414975 | 社科库409/400A自科库 14排1列4层/ [索取号:F299.23/L970] | 在馆 | |
| 5 | 1241498 | 212414984 | 社科库409/400A自科库 14排1列4层/ [索取号:F299.23/L970] | 在馆 | |
| 6 | 1241499 | 212414993 | 社科库409/400A自科库 14排1列4层/ [索取号:F299.23/L970] | 在馆 | |
| 7 | 281020 | 202810208 | 社科二线422/409社科库 50排3列4层/ [索取号:F299.23/L970] | 在馆 | |
| 8 | 281021 | 202810217 | 社科二线422/409社科库 112排2列5层/ [索取号:F299.23/L970] | 在馆 | |
| 9 | 281022 | 202810226 | 社科库409/409社科库 110排1列3层/ [索取号:F299.23/L970] | 在馆 |